000 00318nam a2200157Ia 4500
100 _aKwon/Young W
650 _aFEM
942 _cBK
366 _f25
245 _aFinite element method
260 _bCRC Press
_c2000
082 _a620.001515
_bKWO
300 _a607
546 _aENGLISH
_cInfo.Tech
999 _c23794
_d23794